000 00745nam a2200253Ia 4500
003 OSt
005 20220930073213.0
006 a|||||r|||| 00| 0
007 ta
008 220926b |||||||| |||| 00| 0 eng d
024 _a28595
037 _cTheses
040 _aCRL
_cCRL
_beng
041 _2eng
_aeng
100 _aJha Ram Nath
110 _aUniversity of Delhi. Faculty of Arts. Department of Sanskrit
245 0 _aEpistemological study of Sankarabhasyas on Prasthanatrayi
260 _c2000
650 _aSANSKRIT
700 _a Sharma Baldev Raj Gu.
_9531186
700 _aUniversity of Delhi. Faculty of Arts. Department of Sanskrit
942 _cDIS
_2CC
999 _c864772
_d864772